Adivinhe os times: Baiano 2025 - Statistics

Estatísticas Gerais
  • Esse quiz foi jogado 21 vezes
  • A pontuação média é 6 de 10
Estatísticas das Respostas
Imagem Resposta % Correto
Bahia
100%
Vitória
84%
Jacuipense
79%
Alagoinhas
74%
Juazeirense
74%
jequié
63%
Jacobina
47%
Barcelona Ba
37%
Colo Colo Ba
37%
Porto Ba
32%
Nenhum quiz correspondente encontrado
Distribuição das Pontuações
Porcentagem de Pessoas com Cada Pontuação
Percentil de Números Respondidos
Sua Pontuação Histórica
Você não jogou esse quiz